[Event "COL-ch disabled 2nd"]
[Site "Cali"]
[Date "2008.10.27"]
[Round "5.20"]
[White "Carrillo Perez, Luis Antonio"]
[Black "Montero, Beder de Jesus"]
[Result "0-1"]
[WhiteElo "1637"]
[BlackElo "1600"]
[PlyCount "72"]
[EventDate "2008.10.25"]
[EventType "swiss"]
[EventRounds "7"]
[EventCountry "COL"]
[SourceTitle "EXT 2024"]
[Source "ChessBase"]
[SourceDate "2023.10.10"]
[SourceVersion "1"]
[SourceVersionDate "2023.10.10"]
[SourceQuality "1"]

1. e4 e5 2. Nf3 Nc6 3. Bb5 Bc5 4. a3 Nf6 5. d3 Ng4 6. 0-0 a6 7. Bg5 f6 8. Bxc6 dxc6 9. Bh4 Be6 10. b4 Bd4 11. c3 Bb6 12. Nxe5 Nxe5 13. d4 Nf7 14. e5 c5 15. exf6 gxf6 16. Bg3 cxd4 17. Re1 Qd7 18. a4 a5 19. b5 0-0-0 20. Na3 dxc3 21. Rc1 Qxd1 22. Rcxd1 Bc5 23. Nc2 Rhe8 24. h3 Bb3 25. Rc1 Bxa4 26. Ne3 Bxe3 27. fxe3 Bxb5 28. Rxc3 Bc6 29. e4 Rd2 30. Rf3 Bxe4 31. Rc1 Bxf3 32. Rxc7+ Kd8 33. gxf3 Rd1+ 34. Kg2 Re2+ 35. Bf2 Kxc7 36. Kg3 Nd8 0-1